| 000 | 00928nam a22002297a 4500 | ||
|---|---|---|---|
| 999 |
_c20807 _d20807 |
||
| 003 | AR-CdUCM | ||
| 008 | 190606b ||||| |||| 00| 0 spa d | ||
| 040 |
_aMUNICIPALIDAD PROVINCIAL DEL CUSCO _cBIBLIOTECA MUNICIPAL DEL CUSCO |
||
| 082 |
_a631.45 / _bS78 |
||
| 100 |
_aStallings, J.H. _943457 |
||
| 245 |
_aEl suelo : _bSu uso y mejoramiento / |
||
| 260 |
_aMéxico, D.F : _bCía. Edit. Continental, _c1962. |
||
| 300 |
_a480 páginas; _bilustraciones, diagramas, mapas; _c23 cm. |
||
| 500 | _aTitulo Original en ingles: Soil Use and improvement | ||
| 505 | _aContenido: La lucha del hombre contra la erosión del suelo -- Consideraciones fundamentales en la conservación del suelo -- Como el agua erosiona el suelo... | ||
| 650 |
_aErosión _943458 |
||
| 650 |
_aSuelo _921395 |
||
| 650 |
_aEl campo _943459 |
||
| 700 |
_aSevillano Mayo, Celedonio (traducción) _920218 |
||
| 942 |
_2ddc _cLIBROS |
||
| 945 | _aJavier | ||